000 00409nam a2200181Ia 4500
001 896
005 20260306140552.0
008 260306t2012||||xx |||||||||||||| ||spa||
041 _aESP
082 _a172
_bS21
100 _aSanz de Diego, Rafael M.
_eAUT
245 0 _aMoral política
260 _c2012
300 _a683 páginas :
_c21 cm.
650 _aGEN
654 _aCHU
942 _cLIB
_dJUS
_fJUS
_2ddc
_n
999 _c896
_d896